Analýza technologického zaostávání SR a ČR vůči evropským lídrům: některé kritické názory

Analýza technologického zaostávania Slovenskej republiky a Česka voči dvom technologicky najvyspelejším európskym krajinám – Dánsku a Fínsku. Existujúce rozdiely a možné príčiny zaostávania. Možné smery zmien v hospodárskej politike, ktoré by mohli existujúcu situáciu zlepšiť a zaostávanie prinajmen...

Descrizione completa

Salvato in:
Dettagli Bibliografici
Autore principale: Brzica, Daneš
Natura: Capitolo di libro
Lingua:ceco
Soggetti:
Tags: Aggiungi Tag
Nessun Tag, puoi essere il primo ad aggiungerne!!

MARC

LEADER 00000nla$a2200000$$$4500
001 0133821
005 20240209071735.8
041 0 |a cze 
044 |a CZ 
245 1 0 |a Analýza technologického zaostávání SR a ČR vůči evropským lídrům: některé kritické názory  |c Daneš Brzica 
520 |a Analýza technologického zaostávania Slovenskej republiky a Česka voči dvom technologicky najvyspelejším európskym krajinám – Dánsku a Fínsku. Existujúce rozdiely a možné príčiny zaostávania. Možné smery zmien v hospodárskej politike, ktoré by mohli existujúcu situáciu zlepšiť a zaostávanie prinajmenšom čiastočne eliminovať. 
610 2 0 |a situácia hospodárska 
610 2 0 |a Česko 
610 2 0 |a Slovensko 
610 2 0 |a Fínsko 
610 2 0 |a Dánsko 
610 2 0 |a konkurencieschopnosť 
610 2 0 |a inovácia 
610 2 0 |a stratégia inovačná 
610 2 0 |a porovnanie medzinárodné 
100 1 |a Brzica, Daneš